| 000 | 00782cab a2200241 4500 | ||
|---|---|---|---|
| 001 | X3114 | ||
| 008 | 090401t1995 xxu||||| |||| 00| 0 eng d | ||
| 035 | _a(Sirsi) u28515 | ||
| 041 | _aeng | ||
| 100 | _aFox, O. | ||
| 245 | _aDo trust funds represent greater security? | ||
| 260 | _c1995 | ||
| 350 | _a0 | ||
| 490 |
_aCSM (Chartered Surveyor Monthly) _v5(3) November/December 1995, 34(1) |
||
| 520 | _aLooks at provisions in the ICE`s revised engineering and construction contract, which enable trust funds to be established. | ||
| 650 | _aENGINEERING AND CONSTRUCTION CONTRACT | ||
| 650 | _aNEW ENGINEERING CONTRACT | ||
| 650 | _aTRUST FUNDS | ||
| 690 | _aBUILT ENVIRONMENT-BUILDING CONTRACT FORMS | ||
| 690 |
_aINSURANCE _96249 |
||
| 942 | _n0 | ||
| 948 | _c04/03/1997 | ||
| 999 |
_c19182 _d19182 |
||